000 00565nam a2200169 a 4500
005 20260112063256.0
039 _a202109281457
_bstaff
_c201903221244
_d staff
_c201903221243
_d staff
_c201006062311
_d staff
_y 201006062300
_z staff
082 _a658.4092
_bBUS [ Shelf 79]
245 _aCase Studies on Respect :
_bThe Prime Mover
260 _aNew Delhi :
_bBusiness World,
_c2008
300 _a210 p.:
_c24cm
700 _aPocha, Jehangir.S
700 _aSeth Meera
991 _aVIRTUA40
991 _aVTLSSORT0080*0820*2450*2600*3000*7000*7001*9992
909 _a3069
999 _c2842
_d2842